| 000 | 00843nam a22002297a 4500 | ||
|---|---|---|---|
| 003 | 0 | ||
| 005 | 20240828082537.0 | ||
| 008 | 240828b xxu||||| |||| 00| 0 eng d | ||
| 020 | _a978-032-36288-5 | ||
| 050 |
_aLB 1060.2 _b.C37 2024 |
||
| 100 | _aCasey, Laura Baylot | ||
| 245 |
_aApplied behavior analysis in early childhood education _ban introduction to evidence-based interventions and teaching strategies _cLaura Baylot Casey and Stacy L. Carter |
||
| 250 | _aSecond edition | ||
| 260 |
_aNew York _bRoutledge Taylor and Francis Group _c2024 |
||
| 300 |
_axi, 223 pages ; _c23cm. |
||
| 504 | _aIncludes bibliographical references and index. | ||
| 650 | _aBehavioral assessment. | ||
| 650 | _aBehavior modification. | ||
| 650 | _aEarly childhood education. | ||
| 650 | _aTeachers--in service--training. | ||
| 942 |
_2lcc _cBK |
||
| 999 |
_c366154 _d366154 |
||